01238cam a22002651 45000010008000000030006000080050017000140080041000310100017000720350019000890400023001080500020001310820010001512450398001612500016005592600053005753000054006285000089006826300025007717000051007967000045008477000026008927000019009187400035009378372708AUA.120250929172253.0780810s1936 nyuab d 000 0 eng  a 51051557  a(OCoLC)4124723 aDLCcDLCdDLCdJTL00aBS440b.J3 1936 a220.300aFunk and Wagnalls new Standard Bible dictionary :bdesigned as a comprehensive help to the study of the Scriptures, their languages, literary problems, history, biography, manners and customs, and their religious teachings /cedited by Melancthon W. Jacobus, Elbert C. Lane, and Andrew C. Zenos, with the assistance of Elmer J. Cook, in association with American, British, and German scholars. a3d rev. ed. a New York :bFunk and Wagnalls Company,c[c1936] axxii, 965 p. :billus., maps (part col.),c26 cm. aPublished in 1936 by Funk and Wagnalls under title: A new Standard Bible dictionary.00aBiblevDictionaries.1 aJacobus, Melancthon Williams,d1855-1937,eed.1 aLane, Elbert Clarence,d1870-ejoint ed.1 aZenos, Andrew C.eed.1 aCook, Elmer J.0 aNew Standard Bible dictionary.